000
00302nam a22001457a 4500
008
211019b ||||| |||| 00| 0 eng d
020
_a
9780697056382
041
_a
eng
080
_2
3rd
_a
573
082
_a
573
100
_a
11
101
_a
BIO
245
_a
Biology
_c
Mader,S.S
942
_2
udc
_c
BK
999
_c
58265
_d
58265